[Event "Polanica Zdroj op-B 47th"]
[Site "Polanica Zdroj"]
[Date "2011.??.??"]
[Round "3"]
[White "Wilczewski, Piotr"]
[Black "Wyczalek, Tytus"]
[Result "1/2-1/2"]
[WhiteElo "1908"]
[BlackElo "1382"]
[PlyCount "80"]
[EventDate "2011.08.18"]
[EventType "swiss"]
[EventRounds "9"]
[EventCountry "POL"]
[SourceTitle "CBM 144 Extra"]
[Source "ChessBase"]
[SourceDate "2011.10.28"]
[SourceVersion "1"]
[SourceVersionDate "2011.10.28"]
[SourceQuality "1"]

1. d4 d5 2. f4 Bf5 3. Nf3 h6 4. e3 Nf6 5. c3 e6 6. b3 Bd6 7. Ba3 a6 8. Bxd6 Qxd6 9. b4 0-0 10. Nbd2 Nbd7 11. Ne5 Ne4 12. Nxd7 Qxd7 13. Nxe4 Bxe4 14. a4 b6 15. a5 b5 16. Qg4 Qe7 17. 0-0-0 Qf6 18. Be2 Qg6 19. Qxg6 Bxg6 20. g4 f6 21. h4 Be4 22. Rh3 Rae8 23. g5 hxg5 24. hxg5 fxg5 25. fxg5 Bg6 26. Rdh1 Rf2 27. Kd2 Ref8 28. Rh8+ Kf7 29. Rxf8+ Kxf8 30. Rf1 Rxf1 31. Bxf1 Ke7 32. Ke2 Kd6 33. Kf3 Bf5 34. Kf4 g6 35. Be2 Be4 36. Bf1 Bf5 37. Bg2 c6 38. e4 dxe4 39. Bxe4 Bxe4 40. Kxe4 Kd7 1/2-1/2

[Event "Rowy op-A 17th"]
[Site "Rowy"]
[Date "2008.06.21"]
[Round "8.18"]
[White "Wilczewski, Piotr"]
[Black "Poswiatowski, Michal"]
[Result "0-1"]
[WhiteElo "1959"]
[BlackElo "1778"]
[PlyCount "69"]
[EventDate "2008.06.14"]
[EventType "swiss"]
[EventRounds "9"]
[EventCountry "POL"]
[SourceTitle "EXT 2023"]
[Source "ChessBase"]
[SourceDate "2022.10.05"]
[SourceVersion "1"]
[SourceVersionDate "2022.10.05"]
[SourceQuality "1"]

1. d4 Nf6 2. Bg5 g6 3. Bxf6 exf6 4. g3 f5 5. Bg2 Bg7 6. e3 0-0 7. Ne2 d6 8. c3 Nd7 9. Nd2 Nf6 10. Qc2 c6 11. 0-0 Qc7 12. Rad1 b6 13. c4 Bb7 14. Nc3 Rfd8 15. b4 c5 16. Bxb7 Qxb7 17. bxc5 dxc5 18. d5 Ne8 19. a4 Nd6 20. Nb5 Nxb5 21. axb5 a6 22. bxa6 Rxa6 23. Rb1 Ra3 24. Rb3 Rda8 25. Rfb1 Ra1 26. Kg2 R1a6 27. Rb5 Qc7 28. R1b3 h5 29. h4 Ra1 30. Nb1 R8a2 31. Qd3 f4 32. Nc3 Bxc3 33. Qxc3 fxg3 34. Rb2 gxf2 35. Rb1 0-1

[Event "Rowy op-A 17th"]
[Site "Rowy"]
[Date "2008.06.16"]
[Round "3.18"]
[White "Kumala, Aleksander"]
[Black "Wilczewski, Piotr"]
[Result "0-1"]
[WhiteElo "1880"]
[BlackElo "1959"]
[PlyCount "104"]
[EventDate "2008.06.14"]
[EventType "swiss"]
[EventRounds "9"]
[EventCountry "POL"]
[SourceTitle "EXT 2023"]
[Source "ChessBase"]
[SourceDate "2022.10.05"]
[SourceVersion "1"]
[SourceVersionDate "2022.10.05"]
[SourceQuality "1"]

1. e4 e5 2. Nf3 Nc6 3. d4 exd4 4. Bc4 Be7 5. c3 d3 6. Qb3 Na5 7. Bxf7+ Kf8 8. Qd5 c6 9. Qf5 d6 10. Be6+ Bf6 11. Ng5 Nh6 12. Qf3 Ke8 13. Qh5+ Ke7 14. Bxc8 Rxc8 15. Nd2 b5 16. Ndf3 Qe8 17. Qh3 Qd7 18. Qg3 Qg4 19. 0-0 Qxg3 20. hxg3 c5 21. Rd1 c4 22. Be3 Nc6 23. Nd4 Nxd4 24. cxd4 Ng4 25. e5 dxe5 26. dxe5 Nxe3 27. exf6+ gxf6 28. Re1 fxg5 29. Rxe3+ Kf7 30. Kf1 Rhe8 31. Ke1 Rxe3+ 32. fxe3 Ke6 33. g4 Rf8 34. a4 b4 35. a5 a6 36. Ra4 Rb8 37. Kd2 Kd5 38. b3 Kc5 39. Ra1 c3+ 40. Kxd3 Rd8+ 41. Ke4 Rd2 42. Kf5 h6 43. e4 Kd4 44. e5 c2 45. e6 Re2 46. Kf6 Kc3 47. e7 Kxb3 48. Kf7 Kb2 49. Rf1 c1Q 50. Rxc1 Kxc1 51. e8Q Rxe8 52. Kxe8 b3 0-1

[Event "Rowy op-A 17th"]
[Site "Rowy"]
[Date "2008.06.14"]
[Round "1.24"]
[White "Chmielecki, Michal"]
[Black "Wilczewski, Piotr"]
[Result "1/2-1/2"]
[WhiteElo "1677"]
[BlackElo "1959"]
[PlyCount "25"]
[EventDate "2008.06.14"]
[EventType "swiss"]
[EventRounds "9"]
[EventCountry "POL"]
[SourceTitle "EXT 2023"]
[Source "ChessBase"]
[SourceDate "2022.10.05"]
[SourceVersion "1"]
[SourceVersionDate "2022.10.05"]
[SourceQuality "1"]

1. c4 c5 2. Nf3 Nc6 3. g3 e5 4. Nc3 d6 5. Bg2 Be7 6. 0-0 Nf6 7. d3 0-0 8. Rb1 Rb8 9. a3 Nd4 10. Nxd4 exd4 11. Nd5 Be6 12. Nxe7+ Qxe7 13. b4 1/2-1/2